| 000 | 00855nam a2200253 a 4500 | ||
|---|---|---|---|
| 005 | 20240906063742.0 | ||
| 008 | 020111s1997 es r 000 0 spa d | ||
| 020 | _a8483160382 | ||
| 035 | _aUPN01000114520 | ||
| 049 | _aCG | ||
| 050 | 4 |
_aRJ506 P6.8 _bA5.2 |
|
| 100 | 1 | _aAndrés Tripero, Tomás de | |
| 245 | 1 | 0 |
_aAlteraciones motoras en el desarrollo infantil : _banálisis clínico de casos prácticos / _cTomás de Andrés Tripero, José Moya Trilla, Ana Isabel Peña Gallego. |
| 260 |
_aMadrid : _bCCS, _c1997. |
||
| 300 |
_a127 p. : _bil. |
||
| 440 | 0 |
_aCampus ; _v8 |
|
| 650 | 4 |
_aMOVIMIENTO, DESORDENES DEL _95012 |
|
| 650 | 4 |
_aPSICOMOTRICIDAD, TRASTORNOS DE LA _95011 |
|
| 650 | 4 |
_aDesarrollo infantil _9176 |
|
| 700 | 1 |
_aMoya Trilla, José, _ecoaut. |
|
| 700 | 1 |
_aPeña Gallego, Ana Isabel, _ecoaut. |
|
| 905 | _aLibro | ||
| 999 |
_c88427 _d88427 |
||